Real analysis / (Record no. 180941)

000 -LEADER
fixed length control field 01041 a2200217 4500
003 - CONTROL NUMBER IDENTIFIER
control field NUST
005 - DATE AND TIME OF LATEST TRANSACTION
control field 20221117132903.0
010 ## - LIBRARY OF CONGRESS CONTROL NUMBER
LC control number 72093078
020 ## - INTERNATIONAL STANDARD BOOK NUMBER
International Standard Book Number 0444001336
040 ## - CATALOGING SOURCE
Transcribing agency Nust
082 00 - DEWEY DECIMAL CLASSIFICATION NUMBER
Classification number 515,KLA
100 1# - MAIN ENTRY--PERSONAL NAME
Personal name Klambauer, Gabriel.
9 (RLIN) 102866
245 10 - TITLE STATEMENT
Title Real analysis /
Statement of responsibility, etc. Gabriel Klambauer
260 ## - PUBLICATION, DISTRIBUTION, ETC.
Place of publication, distribution, etc. New York,
Name of publisher, distributor, etc. American Elsevier Pub. Co.
Date of publication, distribution, etc. [1973]
300 ## - PHYSICAL DESCRIPTION
Extent xi, 436 p.:
Dimensions 24 cm.
505 ## - FORMATTED CONTENTS NOTE
Formatted contents note Lebesgue Measure on the Real Line (Page-6), Lebesgue Measurable Functions (Page-32), The Lebesgue integral on the Real Line (Page-51), Differentiation and Absolute Continity (Page-100), Abstract Measure and Integration (Page-141), Outer Measure and Product Measure (Page-180), Topologies and Metric Spaces (Page-232), The Method and Metric Spaces (Page-232),The Method of P. J. Daniell (Page-274), The Stone Daniell Integral (Page-300), Normed Linear Spaces (Page-382).
650 #0 - SUBJECT ADDED ENTRY--TOPICAL TERM
Topical term or geographic name entry element Integrals, Generalized.
9 (RLIN) 39324
650 #0 - SUBJECT ADDED ENTRY--TOPICAL TERM
Topical term or geographic name entry element Mathematical analysis.
650 #0 - SUBJECT ADDED ENTRY--TOPICAL TERM
Topical term or geographic name entry element Measure theory.
9 (RLIN) 102867
942 ## - ADDED ENTRY ELEMENTS (KOHA)
Source of classification or shelving scheme
Koha item type Book
Call number prefix 515,KLA
Holdings
Withdrawn status Lost status Source of classification or shelving scheme Damaged status Not for loan Permanent Location Current Location Shelving location Date acquired Full call number Barcode Date last seen Price effective from Koha item type Public note
          Military College of Signals (MCS) Military College of Signals (MCS) General Stacks 12/12/2016 515,KLA MCS7310 12/08/2016 12/12/2016 Book Almirah No.13, Shelf No.1
© 2023 Central Library, National University of Sciences and Technology. All Rights Reserved.